| 000 | 00688nam a22002057a 4500 | ||
|---|---|---|---|
| 005 | 20161124165301.0 | ||
| 010 | _aENG-116640 | ||
| 020 |
_a9788184845624 _c1380.00 |
||
| 035 | _aEN-100172 | ||
| 037 | _bDBAD/PUB | ||
| 082 | _a346.54066 | ||
| 245 |
_aThe companies act,2013 : _cby Partha Pratim Mitra ; foreword by Autar Krishen Koul _bnew challenges in contemporary Indian economy / |
||
| 260 |
_aNew Delhi _bRegal Publications _c2013 |
||
| 270 |
_aF-159,Rajouri Garden _bNew Delhi _e110027 |
||
| 300 |
_axiv,317p. _c22cm(Hb) |
||
| 500 | _aIncludes index | ||
| 700 | _a Mitra,Partha Pratim | ||
| 700 | _aKoul, Autar Krishen | ||
| 942 |
_2ddc _cEN _h346.54066 _mCOM |
||
| 999 |
_c104756 _d104756 |
||